International journal of advanced studies in economics & public sector management (Record no. 38296)

MARC details
000 -LEADER
fixed length control field 00709nam a2200169Ia 4500
022 ## - INTERNATIONAL STANDARD SERIAL NUMBER
ISSN 23544228
050 ## - CALL MARK
Classification number JF 60 .I58/
245 #0 - TITLE STATEMENT
Title International journal of advanced studies in economics & public sector management
260 ## - PUBLICATION, DISTRIBUTION, ETC. (IMPRINT)
Place of publication United kingdom
260 ## - PUBLICATION, DISTRIBUTION, ETC. (IMPRINT)
Name of publisher International scientific research consortium
260 ## - PUBLICATION, DISTRIBUTION, ETC. (IMPRINT)
Year of publication 2016
300 ## - PHYSICAL DESCRIPTION
Number of Pages 150 p. :ill. ; 28 cm.
650 ## - SUBJECT ADDED ENTRY--TOPICAL TERM
Topical Term World Bank--Developing countries. Public administration--Developing countries. Administrative agencies--Developing countries--Management. Government business enterprises--Developing countries. Developing countries--Economic policy.
942 ## - ADDED ENTRY ELEMENTS (KOHA)
Koha item type Serials

No items available.